Notes on the implications of Directive 2010/31/EU on the energy performance of buildings (recast) (Record no. 112772)

MARC details
000 -LEADER
fixed length control field 00951cad a22002055a 4500
001 - CONTROL NUMBER
control field E153935
008 - FIXED-LENGTH DATA ELEMENTS--GENERAL INFORMATION
fixed length control field 110926s2011 xxk f s000 0 eng d
035 ## - SYSTEM CONTROL NUMBER
System control number (Sirsi) u153935
041 0# - LANGUAGE CODE
Language code of text/sound track or separate title eng
110 2# - MAIN ENTRY--CORPORATE NAME
Corporate name or jurisdiction name as entry element Scotland
Subordinate unit Scottish Government
9 (RLIN) 5344
245 00 - TITLE STATEMENT
Title Notes on the implications of Directive 2010/31/EU on the energy performance of buildings (recast)
Medium [electronic resource]
260 ## - PUBLICATION, DISTRIBUTION, ETC.
Place of publication, distribution, etc. Edinburgh
Name of publisher, distributor, etc. Scottish Government
Date of publication, distribution, etc. 2011
490 #0 - SERIES STATEMENT
Series statement Scottish Government Building Standards Division Circular
520 ## - SUMMARY, ETC.
Summary, etc. Offers guidance on the amended Directive 2010/31/EU on the energy performance of buildings and the implications of the changes.
590 ## - LOCAL NOTE (RLIN)
Local note KA
651 #4 - SUBJECT ADDED ENTRY--GEOGRAPHIC NAME
Geographic name Scotland
Chronological subdivision 1999-
690 ## - LOCAL SUBJECT ADDED ENTRY--TOPICAL TERM (OCLC, RLIN)
Topical term or geographic name as entry element ENVIRONMENTAL AND LAND CONSULTANCY-ENERGY
856 40 - ELECTRONIC LOCATION AND ACCESS
Uniform Resource Identifier <a href="https://www.scotland.gov.uk/Topics/Built-Environment/Building/Building-standards/profinfo/epcintro/eurodirepb">https://www.scotland.gov.uk/Topics/Built-Environment/Building/Building-standards/profinfo/epcintro/eurodirepb</a>
Public note View the guidance free of charge at www.scotland.gov.uk
942 ## - ADDED ENTRY ELEMENTS (KOHA)
Suppress in OPAC 0
Holdings
Withdrawn status Lost status Source of classification or shelving scheme Damaged status Not for loan Home library Current library Shelving location Date acquired Total Checkouts Full call number Barcode Date last seen Copy number Price effective from Koha item type
    Dewey Decimal Classification     Virtual Virtual Online 26/09/2011   ONLINE PUBLICATION 153935-2001 06/08/2019 1 06/08/2019 Book